Breve storia d'Italia dai popoli primitivi alla caduta dell'Impero romano : compilata conforme i programmi governativi per la classe 1. delle scuole tecniche

Salvato in:
Dettagli Bibliografici
Autore principale: Cavalli, Gaetano Maria (Autore)
Natura: Libro
Lingua:italiano
Pubblicazione: Novara : Rusconi, 1861
Catalogo:EDISCO:  Risultati della ricerca del catalogo della biblioteca
Libro di testo Classificazione:
Soggetti:
Tags: Aggiungi Tag
Nessun Tag, puoi essere il primo ad aggiungerne!!
Aggiunto a:2016-04-30
Cambiato in:2017-10-04

MARC

LEADER 00000aam a22000001 4500
001 24631
003 OSt
005 20171004090953.0
008 160501s1861 it 000 0 ita
040 |c milena maione 
041 1 |a ita 
100 1 |a Cavalli, Gaetano Maria  |e Author  |9 2854 
245 0 0 |a Breve storia d'Italia dai popoli primitivi alla caduta dell'Impero romano :   |b compilata conforme i programmi governativi per la classe 1. delle scuole tecniche /  |c Gaetano Maria Cavalli 
260 |a Novara :   |b Rusconi,   |c 1861 
300 |a 34 p., 1/x ;   |c 17 cm 
510 3 |a 0,40 
650 4 |a Storia  |9 54 
655 |a Sussidiario  |9 51 
690 4 |a Secondaria inferiore  |9 97  |x Scuola tecnica 
901 |a 1 
942 |2 ddc  |c BK 
546 |a ita 
999 |c 24596  |d 24596 
999 |c edisco:24596  |d 24596